[Event "WCh Women"]
[Site "Antakya TUR"]
[Date "2010.12.09"]
[Round "2.4"]
[White "Kosteniuk,A"]
[Black "Khukhashvili,S"]
[Result "1-0"]
[WhiteElo "2507"]
[BlackElo "2430"]

1.e4 c5 2.Nf3 e6 3.d4 cxd4 4.Nxd4 Nc6 5.Nc3 Qc7 6.Be2 a6 7.O-O Nf6 8.Be3 Be7
9.f4 d6 10.Qe1 O-O 11.Qg3 Nxd4 12.Bxd4 b5 13.a3 Bb7 14.Kh1 Rad8 15.Bd3 Rd7
16.Rae1 Re8 17.Re2 Qd8 18.Qh3 g6 19.f5 e5 20.Be3 Bc6 21.Ref2 h5 22.fxg6 fxg6
23.Qe6+ Kg7 24.Nd5 Bxd5 25.exd5 Rf8 26.Rf3 h4 27.Bg5 e4 28.Bxe4  1-0

[Event "London Chess Classic FIDE Open"]
[Site "London ENG"]
[Date "2010.12.09"]
[Round "2"]
[White "Siddiqui,Nida Mishraz"]
[Black "Thomassen,T"]
[Result "0-1"]
[WhiteElo "1791"]
[BlackElo "2033"]

1.e4 c5 2.Nf3 e6 3.d4 cxd4 4.Nxd4 Nc6 5.Nc3 Qc7 6.Ndb5 Qb8 7.g3 a6 8.Nd4 Nf6
9.f4 d6 10.Nf3 Be7 11.Bg2 O-O 12.O-O Ng4 13.h3 Qa7+ 14.Nd4 Nxd4 15.hxg4 Nxc2+
16.Kh1 Nxa1 17.Rf3 Bd7 18.Be3 Qb8 19.Qxa1 Bc6 20.f5 Bf6 21.Rf2 Be5 22.Ne2 b5
23.Nf4 Qb7 24.Qb1 Rae8 25.Kh2 exf5 26.gxf5 g5 27.Nd5 Bxd5 28.exd5 Bxg3+ 29.Kxg3 Rxe3+
30.Kh2 Qe7 31.Qh1 Rc8 32.f6 Qe5+ 33.Kg1 Rc1+ 34.Rf1 Rxf1+ 35.Bxf1 Rg3+ 36.Bg2 Qxd5
37.Kf2 Qxg2+ 38.Qxg2 Rxg2+ 39.Kxg2 h5 40.Kf3 d5 41.b4 h4 42.a3 h3 43.Kg3 g4  0-1

[Event "48th ch-IND"]
[Site "New Delhi IND"]
[Date "2010.12.09"]
[Round "1"]
[White "Adhiban,B"]
[Black "Shyam,N"]
[Result "1/2-1/2"]
[WhiteElo "2515"]
[BlackElo "2373"]

1.e4 c5 2.Nf3 e6 3.d4 cxd4 4.Nxd4 Nc6 5.Nc3 a6 6.Be3 Qc7 7.Qd2 Nf6 8.O-O-O Bb4
9.f3 O-O 10.g4 b5 11.g5 Nh5 12.Kb1 Bb7 13.Nxc6 Bxc6 14.Be2 Rfc8 15.a3 Ba5
16.b4 Bb6 17.Bxb6 Qxb6 18.f4 a5 19.Kb2 axb4 20.axb4 Qa7 21.Ra1 Qf2 22.Raf1 Qa7
23.Ra1 Qf2 24.Raf1 Qa7 25.Ra1 Qf2  1/2-1/2

[Event "London Chess Classic FIDE Open"]
[Site "London ENG"]
[Date "2010.12.10"]
[Round "3"]
[White "Britton,R"]
[Black "Arkell,K"]
[Result "0-1"]
[WhiteElo "2229"]
[BlackElo "2431"]

1.e4 c5 2.Nc3 e6 3.Nf3 Nc6 4.d4 cxd4 5.Nxd4 a6 6.Be3 Nge7 7.Nb3 b5 8.a3 Na5
9.Nxa5 Qxa5 10.Bd3 Bb7 11.O-O Ng6 12.f4 Qc7 13.Qh5 Rc8 14.Kh1 Bc5 15.Bd2 Be7
16.Rae1 Qc5 17.Qh3 O-O 18.Ne2 f5 19.Bb4 Qc7 20.Bxe7 Nxe7 21.exf5 Nxf5 22.Nd4 g6
23.Nxf5 gxf5 24.Qe3 Rf7 25.Rf2 Rg7 26.c3 Qc5 27.Qxc5 Rxc5 28.Kg1 Kf7 29.Be2 Be4
30.Rd1 d5 31.Ra1 Kf6 32.a4 bxa4 33.Rxa4 a5 34.Bf1 h5 35.Ra3 h4 36.b4 axb4
37.cxb4 Rc1 38.Rh3 d4 39.Rd2 d3 40.Kf2 Rc2 41.Ke3 Rxd2 42.Kxd2 Bxg2 43.Bxg2 Rxg2+
44.Kxd3 Rg4 45.Ke3 e5 46.fxe5+ Kxe5 47.b5 Rb4 48.Kf2 Kf6 49.Ra3 Rxb5 50.h3 Rb2+
51.Kg1 Re2 52.Kf1 Re4 53.Kf2 Kg5 54.Rb3 Rc4 55.Rb2 Rc3 56.Kg2 Rg3+ 57.Kh2 Re3
58.Kg2 Kf4 59.Ra2 Rg3+ 60.Kh2 Rd3 61.Kg2 Ke4 62.Kf2 Rxh3 63.Ra8 Rh2+ 64.Kg1 Rd2
65.Rh8 Kf3 66.Rxh4 Kg3  0-1

[Event "London Chess Classic FIDE Open"]
[Site "London ENG"]
[Date "2010.12.11"]
[Round "4"]
[White "Wallace,P"]
[Black "Yurenok,M"]
[Result "1/2-1/2"]
[WhiteElo "2231"]
[BlackElo "2071"]

1.e4 c5 2.Nf3 e6 3.d4 cxd4 4.Nxd4 Nc6 5.Nc3 Qc7 6.Be3 a6 7.Bd3 Nf6 8.O-O Ne5
9.Nf3 Bc5 10.Bxc5 Qxc5 11.Nxe5 Qxe5 12.f4 Qc5+ 13.Kh1 d6 14.Qd2 Bd7 15.Rae1 Ng4
16.e5 d5 17.f5 O-O-O 18.h3 h5 19.Qf4 Rdf8 20.Ne2 Ne3 21.Rf3 Ng4 22.Nd4 g5
23.Nb3 Qb6 24.Qd4 Qxd4 25.Nxd4 Nh6 26.fxe6 Bxe6 27.Rf6 Kd7 28.Ref1 Re8 29.Nxe6 fxe6
30.Rg6 g4 31.Rff6 Ng8 32.Rf7+ Ne7 33.Rgg7 gxh3 34.gxh3 Kd8 35.h4 Rhf8 36.Kg2 Rxf7
37.Rxf7 Rg8+ 38.Kf3 Rg4 39.Rf4 Ng6 40.Rxg4 Nxe5+ 41.Kf4 Nxg4 42.Bg6 Nf6 43.Kg5 Ke7
44.Bxh5 Nxh5 45.Kxh5 Kf6 46.Kg4 b5 47.c3 e5 48.b3 Kg6 49.a3 Kf6 50.h5 a5
51.a4 bxa4 52.bxa4 Kg7 53.Kg5 Kh7 54.Kf5 e4 55.Kf4 Kh6 56.c4 dxc4 57.Kxe4 Kxh5
58.Kd4 c3 59.Kxc3 Kg5 60.Kc4 Kf6 61.Kb5 Ke7 62.Kxa5 Kd7  1/2-1/2

[Event "Moscow Teams"]
[Site "Moscow RUS"]
[Date "2010.12.11"]
[Round "3"]
[White "Chizhikov,V"]
[Black "Kim,Alex"]
[Result "0-1"]
[WhiteElo "2239"]
[BlackElo "2470"]

1.e4 c5 2.Nf3 e6 3.d4 cxd4 4.Nxd4 Nc6 5.Nc3 Qc7 6.Be3 Nf6 7.Bd3 a6 8.O-O Ne5
9.h3 Bc5 10.Qe1 d6 11.f4 Ng6 12.f5 Ne5 13.fxe6 fxe6 14.Qg3 b5 15.Nce2 Qe7
16.a4 b4 17.Nb3 Bxe3+ 18.Qxe3 O-O 19.a5 Bd7 20.Ned4 Rfc8 21.Qe2 Nxd3 22.Qxd3 Be8
23.Rae1 Bg6 24.Qd2 Nxe4 25.Qxb4 Rab8 26.Qa3 Qd7 27.c3 e5 28.Nf3 Rc4 29.Qa2 Qa4
30.Qxa4 Rxa4 31.Nbd2 Nxd2 32.Nxd2 Rxb2 33.Nf3 Rxa5 34.Rd1 Raa2 35.Rxd6 Rxg2+
36.Kh1 Be4 37.Rd8+ Kf7 38.Nd2+ Ke7 39.Rff8 Rgxd2+  0-1

[Event "London Chess Classic FIDE Open"]
[Site "London ENG"]
[Date "2010.12.12"]
[Round "5"]
[White "Vachtfeidl,P"]
[Black "Marshall,Mi"]
[Result "0-1"]
[WhiteElo "2038"]
[BlackElo "1878"]

1.e4 c5 2.Nf3 e6 3.Nc3 Nc6 4.d4 cxd4 5.Nxd4 Qc7 6.Be3 a6 7.Qd2 Nf6 8.O-O-O Bb4
9.f3 O-O 10.a3 Be7 11.g4 b5 12.g5 Ne8 13.h4 b4 14.Nxc6 Qxc6 15.axb4 Bxb4
16.Qd4 Rb8 17.h5 d6 18.Qc4 Qxc4 19.Bxc4 Ba5 20.Ne2 Bb6 21.Bf4 e5 22.Bd2 Be6
23.Bxe6 fxe6 24.f4 exf4 25.Nxf4 Nc7 26.Rh3 e5 27.Nd3 Ne6 28.Bb4 Rfd8 29.g6 h6
30.Bd2 a5 31.Rf1 Rf8 32.Rhf3 Rxf3 33.Rxf3 Rf8 34.Rxf8+ Kxf8 35.b3 Ke7 36.Kb2 Nd4
37.Kb1 Ne6 38.Nb2 Nf4 39.Nc4 Bd8 40.Nxa5 Bxa5 41.Bxa5 Nxh5 42.b4 Nf6 43.b5 Nxe4
44.b6 Nc5 45.Bb4 Kd7 46.Bd2 Ne6 47.c4 Nf4 48.Bxf4 exf4 49.Kc2 Kc6 50.Kd3 Kxb6
51.Ke4 Kc5 52.Kxf4 Kxc4 53.Ke4 h5  0-1

[Event "Bansko Grand Chess Open"]
[Site "Bansko BUL"]
[Date "2010.12.13"]
[Round "1.2"]
[White "Savchenko,B"]
[Black "Stefanov,E"]
[Result "1-0"]
[WhiteElo "2632"]
[BlackElo "1944"]

1.e4 c5 2.Nf3 e6 3.d4 cxd4 4.Nxd4 Nc6 5.Nc3 Qc7 6.g3 d6 7.Bg2 Bd7 8.Ndb5 Qb8
9.Bf4 Ne5 10.Qd4 a6 11.Nxd6+ Bxd6 12.O-O-O Nd3+ 13.Rxd3 Bxf4+ 14.Kb1 Bc7
15.Qxd7+ Kf8 16.e5 Bxe5 17.Rhd1 Nf6 18.Qxb7 Qxb7 19.Bxb7 Rb8 20.Bxa6 Nd5
21.Nxd5 Rxb2+ 22.Kc1 exd5 23.Rxd5  1-0

[Event "London Chess Classic FIDE Open"]
[Site "London ENG"]
[Date "2010.12.13"]
[Round "6"]
[White "White,Mi"]
[Black "Thomassen,T"]
[Result "1/2-1/2"]
[WhiteElo "2247"]
[BlackElo "2033"]

1.e4 c5 2.Nf3 e6 3.d4 cxd4 4.Nxd4 Nc6 5.Nc3 Qc7 6.Be3 a6 7.Be2 Nf6 8.a3 Be7
9.f4 d6 10.O-O Nxd4 11.Qxd4 e5 12.Qd3 b5 13.f5 Bb7 14.g4 Rd8 15.Nd5 Nxd5
16.exd5 Rc8 17.c3 h6 18.Qe4 Bg5 19.Bf2 Bf4 20.a4 b4 21.c4 a5 22.h4 Qd8 23.Kg2 Qf6
24.Bd3 Qe7 25.Bb6 Kf8 26.Rh1 Ra8 27.Kf3 f6 28.Ke2 Qd7 29.b3 Kf7 30.Rag1 Qe7
31.Kd1 Ba6 32.Rg2 Rab8 33.Bf2 Bc8 34.Qe2 Bd7 35.Be4 Qd8 36.Rhg1 Qe8 37.Qa2 Qd8
38.Ke2 Qe7 39.Kf3 Qd8 40.Rd1 Qc8 41.Ba7 Rb7 42.Bg1 Rb8 43.Qf2 h5 44.Qc2 hxg4+
45.Rxg4 Rb7 46.Be3 Bxe3 47.Kxe3 Qc5+ 48.Kf3 Kf8 49.Qf2  1/2-1/2

[Event "17th Open A"]
[Site "Zadar CRO"]
[Date "2010.12.13"]
[Round "2.11"]
[White "Mazi,L"]
[Black "Jovanic,O"]
[Result "0-1"]
[WhiteElo "2375"]
[BlackElo "2532"]

1.e4 c5 2.Nf3 e6 3.d4 cxd4 4.Nxd4 Nc6 5.Nc3 Qc7 6.Be3 a6 7.Qd2 Nf6 8.f3 h5
9.O-O-O Be7 10.Kb1 b5 11.Qe1 d6 12.Bd3 Ne5 13.f4 Nxd3 14.cxd3 Bd7 15.h3 b4
16.Nce2 a5 17.Qd2 Qb7 18.Nf3 Bb5 19.Ng5 Nd7 20.Rhf1 Rc8 21.Nc1 Bxg5 22.fxg5 Ne5
23.Ka1 O-O 24.Qe2 h4 25.Bf4 Ng6 26.Bxd6 Rfd8 27.e5 Bc6 28.Rf2 a4 29.Qg4 b3
30.a3 Qa7 31.Rdf1 Bd5 32.d4 Rc2 33.Bc5 Qb7 34.Rxc2 bxc2 35.g3 Rb8 36.Bb4 hxg3
37.Qxg3 Ne7 38.Qf2 Nf5 39.Rg1 Qc6 40.Bc3 Qxc3  0-1

[Event "London Chess Classic FIDE Open"]
[Site "London ENG"]
[Date "2010.12.14"]
[Round "8"]
[White "Hodgson,Jo"]
[Black "Yurenok,M"]
[Result "1/2-1/2"]
[WhiteElo "2206"]
[BlackElo "2071"]

1.e4 c5 2.Nf3 e6 3.d4 cxd4 4.Nxd4 Nc6 5.Nc3 Qc7 6.Be2 a6 7.O-O Nf6 8.Be3 Bb4
9.Na4 Be7 10.Nxc6 bxc6 11.Nb6 Rb8 12.Nxc8 Qxc8 13.Bd4 c5 14.Bc3 d6 15.Bf3 O-O
16.e5 dxe5 17.Bxe5 Rb6 18.c4 Nd7 19.Bc3 Bf6 20.Bxf6 Nxf6 21.Qc2 Qb8 22.b3 Rd8
23.Rad1 h6 24.g3 Rbd6 25.Rxd6 Qxd6 26.Rd1  1/2-1/2

[Event "29th European Blitz"]
[Site "Warsaw POL"]
[Date "2010.12.17"]
[Round "3"]
[White "Ivanov,Al3"]
[Black "Inarkiev,E"]
[Result "0-1"]
[WhiteElo "2424"]
[BlackElo "2667"]

1.e4 c5 2.Nf3 e6 3.d4 cxd4 4.Nxd4 Nc6 5.Nc3 Qc7 6.Be3 a6 7.Be2 Nf6 8.O-O b5
9.a3 Bb7 10.f4 Bc5 11.Bf3 d6 12.Kh1 O-O 13.Qd3 Bxd4 14.Bxd4 Nxd4 15.Qxd4 e5
16.Qe3 exf4 17.Qxf4 Nd7 18.Rad1 Ne5 19.Be2 Rad8 20.Bd3 h6 21.Ne2 Qe7 22.Ng3 Bc8
23.Rde1 Qg5 24.Qf2 g6 25.Rd1 Kg7 26.Qd4 h5 27.Ne2 h4 28.h3 Qe7 29.Nf4 Bb7
30.b3 Kh7 31.Qf2 Rc8 32.Rde1 Kg7 33.Qd4 Qc7 34.Qf2 Rh8 35.Re3 Qc5 36.Qe2 Qxa3
37.Qf2 Qc5 38.Qe1 Qc7 39.Re2 Bc6 40.Ref2 Rhf8 41.Re2 Qe7 42.Qa1 Ra8 43.Ref2 a5
44.Be2 Kg8 45.c4 bxc4 46.bxc4 Bxe4 47.Re1 Qg5 48.Qd4 Rfd8 49.Qxe4 a4 50.Nd5 Kg7
51.Ref1 a3 52.Bd1 a2 53.Bc2 a1=Q  0-1

[Event "29th European Blitz"]
[Site "Warsaw POL"]
[Date "2010.12.17"]
[Round "4"]
[White "Vovk,A"]
[Black "Inarkiev,E"]
[Result "0-1"]
[WhiteElo "2546"]
[BlackElo "2667"]

1.e4 c5 2.Nf3 e6 3.d4 cxd4 4.Nxd4 Nc6 5.Nc3 Qc7 6.a3 a6 7.Be3 Nf6 8.Be2 b5
9.Nxc6 dxc6 10.O-O Bb7 11.f4 c5 12.Bf3 Rd8 13.Qe2 Be7 14.e5 Bxf3 15.Rxf3 Nd7
16.Ne4 Nb6 17.Qf2 Rd5 18.b4 Nd7 19.Nc3 O-O 20.Nxd5 exd5 21.c3 Rc8 22.Rd1 Qc6
23.Qg3 Bf8 24.f5 Re8 25.Bf4 Nb6 26.Kh1 Nc4 27.bxc5 Qxc5 28.Rfd3 Qxa3 29.Rxd5 Qb3
30.Qf3 Nb2 31.Rb1 Qc2 32.Rc1 Qb3 33.h3 a5 34.Rd7 a4 35.e6 fxe6 36.f6 gxf6
37.Qg4+ Kh8 38.Qh5 Re7 39.Rxe7 Bxe7 40.Qe8+ Kg7 41.Qxe7+ Kg6 42.Qe8+ Kf5
43.Rf1 Qc4 44.Qh5+ Ke4 45.Qf3+ Kf5 46.Qg4+ Ke4 47.Re1+ Kd3 48.Rc1  0-1

[Event "29th European Blitz"]
[Site "Warsaw POL"]
[Date "2010.12.17"]
[Round "6"]
[White "Andriasian,Z"]
[Black "Inarkiev,E"]
[Result "1-0"]
[WhiteElo "2585"]
[BlackElo "2667"]

1.e4 c5 2.Nf3 e6 3.d4 cxd4 4.Nxd4 Nc6 5.Nc3 Qc7 6.f4 a6 7.Be3 b5 8.Bd3 Bb7
9.Qd2 Nf6 10.O-O-O b4 11.Nce2 Nxd4 12.Bxd4 Nxe4 13.Qe3 f5 14.Ng3 Bd6 15.Nh5 O-O
16.Bxg7 Bxf4 17.Nxf4 Kxg7 18.g4 Kh8 19.Rhf1 Qc5 20.Qh3 Nf2 21.Rxf2 Qxf2 22.Ng6+ Kg7
23.Nxf8 Rxf8 24.gxf5 Qf4+ 25.Kb1 Be4 26.Rg1+ Kh8 27.Bxe4 Qxe4 28.Qh6 Rf7
29.Qg5 Qa8 30.fxe6  1-0

[Event "29th European Blitz"]
[Site "Warsaw POL"]
[Date "2010.12.17"]
[Round "9"]
[White "Inarkiev,E"]
[Black "Jaracz,P"]
[Result "0-1"]
[WhiteElo "2667"]
[BlackElo "2543"]

1.e4 c5 2.Nf3 e6 3.Nc3 Nc6 4.d4 cxd4 5.Nxd4 Qc7 6.Be3 a6 7.Qd2 Nf6 8.O-O-O Nxd4
9.Qxd4 Ng4 10.Qb6 Qc6 11.Bd4 e5 12.Be3 Be7 13.Nd5 Bd8 14.Qb3 d6 15.Be2 Nxe3
16.Qxe3 O-O 17.Kb1 Be6 18.c3 b5 19.Nb4 Qc7 20.Rd2 a5 21.Nd5 Qb7 22.Rhd1 h6
23.g3 f5 24.exf5 Bxf5+ 25.Bd3 Qf7 26.Be4 Rb8 27.Qd3 Be6 28.Re1 b4 29.cxb4 axb4
30.f4 b3 31.axb3 Ba5 32.Bh7+ Kh8 33.Bg6 Qa7 34.Rde2 Bxe1 35.Rxe1 Qa5 36.Re2 Qxd5  0-1

[Event "29th European Blitz"]
[Site "Warsaw POL"]
[Date "2010.12.17"]
[Round "9"]
[White "Jaracz,P"]
[Black "Inarkiev,E"]
[Result "0-1"]
[WhiteElo "2543"]
[BlackElo "2667"]

1.e4 c5 2.Nf3 e6 3.d4 cxd4 4.Nxd4 Nc6 5.Nc3 Qc7 6.Be2 a6 7.O-O b5 8.Nxc6 dxc6
9.a4 b4 10.Nb1 Nf6 11.Nd2 Bc5 12.Bd3 O-O 13.Kh1 e5 14.Nc4 Be6 15.Qe2 Nd7
16.Be3 a5 17.b3 Rfd8 18.Rad1 f6 19.Rd2 Qa7 20.Rfd1 Bxe3 21.Nxe3 Nc5 22.Bc4 Qc7
23.Bxe6+ Nxe6 24.Qc4 Kf7 25.g3 Rxd2 26.Rxd2 g6 27.Kg2 Ke7 28.h4 h5 29.c3 bxc3
30.Qxc3 Qb6 31.Nc4 Qc5 32.Qd3 Rd8 33.Qe2 Nd4 34.Qe3 Rb8 35.Qh6 Rxb3 36.Qg7+ Ke6
37.Qxg6 Rb8 38.Ne3 Qc3 39.Rd1 Rb2 40.Qg8+ Kd7 41.Qf7+ Kc8 42.Rf1 Rb3  0-1

[Event "48th ch-IND"]
[Site "New Delhi IND"]
[Date "2010.12.18"]
[Round "9"]
[White "Debashis,D"]
[Black "Kunte,A"]
[Result "0-1"]
[WhiteElo "2411"]
[BlackElo "2517"]

1.e4 c5 2.Nf3 e6 3.d4 cxd4 4.Nxd4 Nc6 5.Nc3 Qc7 6.Ndb5 Qb8 7.Be3 a6 8.Bb6 axb5
9.Nxb5 Bb4+ 10.c3 Ba5 11.Nd6+ Qxd6 12.Qxd6 Bxb6 13.Bd3 Nf6 14.O-O Bd8 15.a4 Be7
16.Qg3 O-O 17.e5 Ne8 18.b4 d6 19.exd6 Bxd6 20.Qh4 Nf6 21.a5 Be5 22.Rac1 Rd8
23.Bb1 Bd7 24.f4 Bb8 25.Rf3 Ba7+ 26.Kf1 Ne7 27.Bxh7+ Nxh7 28.Qxe7 Bc6 29.Rg3 Rd2
30.c4 Re8 31.Qh4 Rf2+ 32.Ke1 e5 33.f5 Rf4 34.Rg4 Bf2+ 35.Qxf2 Rxg4 36.g3 Rd4
37.b5 Be4 38.f6 Nxf6 39.c5 Nd5 40.Kf1 Bd3+  0-1

[Event "7th UTD GM"]
[Site "Richardson USA"]
[Date "2010.12.18"]
[Round "4"]
[White "Wang Puchen"]
[Black "Hughes,T"]
[Result "1-0"]
[WhiteElo "2468"]
[BlackElo "2267"]

1.e4 c5 2.Nf3 e6 3.d4 cxd4 4.Nxd4 Nc6 5.Nc3 Qc7 6.Be3 a6 7.Qd2 Nf6 8.O-O-O Be7
9.f3 h5 10.Kb1 b5 11.Nb3 d6 12.Bxb5 axb5 13.Nxb5 Qb8 14.Nxd6+ Bxd6 15.Qxd6 Qxd6
16.Rxd6 Ne5 17.Rhd1 O-O 18.Bf4 Nc4 19.Rd8 e5 20.Bg5 Rb8 21.Rxf8+ Kxf8 22.Rd8+ Ne8
23.Kc1 f6 24.Bd2 Ke7 25.Rd5 Be6 26.Rd3 Nxd2 27.Nxd2 Nd6 28.b3 g5 29.h3 Kd7
30.a4 Kc6 31.Kb2 Nf7 32.c4 Nh8 33.Kc3 Ng6 34.Nf1 Nf4 35.Rd2 g4 36.hxg4 hxg4
37.b4 gxf3 38.gxf3 Rh8 39.c5 Rh1 40.Rd6+ Kc7 41.Ne3 Rh3 42.Nd5+ Bxd5 43.exd5 Rxf3+
44.Kc4 Nd3 45.Re6 f5 46.d6+ Kd7 47.Re7+ Kd8 48.c6  1-0

[Event "European Rapid Championship"]
[Site "Warsaw POL"]
[Date "2010.12.18"]
[Round "3"]
[White "Andriasian,Z"]
[Black "Genutis,M"]
[Result "1-0"]
[WhiteElo "2585"]
[BlackElo "2316"]

1.e4 c5 2.Nf3 e6 3.d4 cxd4 4.Nxd4 Nc6 5.Nc3 Qc7 6.f4 a6 7.Be3 Nf6 8.e5 Nxd4
9.Bxd4 Ng8 10.Bd3 Ne7 11.O-O Nc6 12.Be3 Be7 13.Qg4 g6 14.Ne4 Nb4 15.Rad1 b5
16.Nd6+ Bxd6 17.exd6 Qc6 18.Qh4 Qxd6 19.Qf6 Qf8 20.Be4 d5 21.a3 Nc6 22.Bxd5 Bd7
23.Bxc6 Bxc6 24.b4  1-0

[Event "European Rapid Championship"]
[Site "Warsaw POL"]
[Date "2010.12.18"]
[Round "3"]
[White "Kovalev,Vl"]
[Black "Inarkiev,E"]
[Result "1-0"]
[WhiteElo "2355"]
[BlackElo "2667"]

1.e4 c5 2.Nf3 e6 3.Nc3 Nc6 4.d4 cxd4 5.Nxd4 Qc7 6.Be2 a6 7.O-O b5 8.Nxc6 dxc6
9.f4 Bb7 10.e5 Rd8 11.Bd3 c5 12.Qe2 Ne7 13.a4 c4 14.Be4 Nf5 15.axb5 axb5
16.Kh1 Bxe4 17.Qxe4 b4 18.Nb5 Qc5 19.Qb7 Be7 20.Nc7+ Kf8 21.Ra8 Qd4 22.Rxd8+ Bxd8
23.Nb5 Qd5 24.Qxd5 exd5 25.Rd1 Ke7 26.Rxd5 Bb6 27.g4 Be3 28.gxf5 Bxc1 29.Na7 Ra8
30.Nc6+ Ke8 31.e6 Rc8 32.Nxb4 Bxf4 33.Rd7 fxe6 34.fxe6 Be5 35.c3 h5 36.Kg2 Bf6
37.Kf3 Rc5 38.Rd5 Rc8 39.Rxh5 Ke7 40.Nd5+ Kxe6 41.Nxf6 Kxf6 42.Rb5 Rh8 43.Kg3 Rd8
44.h4 g6 45.Kf4 Rd2 46.Rb6+ Kf7 47.Ke5 Rh2 48.Rb7+ Ke8 49.Rb4 Rxh4 50.Kd5 Kd7
51.Rxc4 Rh5+ 52.Kd4 Rb5 53.b4 Kd6 54.Rc8 Rd5+ 55.Kc4 Rf5 56.Rg8 g5 57.b5 Rf4+
58.Kb3 g4 59.c4 Rf3+ 60.Kb4 g3 61.Rg5 Re3 62.c5+ Ke6 63.b6 Kd7 64.Kb5 Rb3+
65.Kc4 Re3 66.Rg7+ Ke6 67.b7 Re4+ 68.Kb5 Re3 69.Kc6 Rb3 70.Rxg3  1-0

[Event "European Rapid Championship"]
[Site "Warsaw POL"]
[Date "2010.12.18"]
[Round "4"]
[White "Zhigalko,A"]
[Black "Baghdasaryan,V"]
[Result "0-1"]
[WhiteElo "2570"]
[BlackElo "2303"]

1.e4 c5 2.Nf3 e6 3.d4 cxd4 4.Nxd4 Nc6 5.Nc3 Qc7 6.Be3 a6 7.Qd2 Nf6 8.O-O-O Bb4
9.f3 h5 10.a3 Be7 11.Nxc6 bxc6 12.Bf4 e5 13.Bg5 O-O 14.Bc4 Rd8 15.Bb3 d6
16.g4 hxg4 17.fxg4 Be6 18.Bxf6 Bxf6 19.g5 Be7 20.Bxe6 fxe6 21.Qg2 Rf8 22.Qg4 Qd7
23.Rhf1 Rxf1 24.Rxf1 Rf8 25.Rxf8+ Kxf8 26.Qh5 Qd8 27.h4 Qb6 28.Qf3+ Ke8 29.Ne2 d5
30.c3 Qb5 31.Ng3 Qc4 32.Qe2 Qc5 33.Kc2 Qg1 34.Qg4 Kd7 35.h5 Bc5 36.h6 gxh6
37.g6 Qf2+ 38.Kb3 Be3 39.g7 Bc1 40.Qxe6+ Kxe6 41.g8=Q+ Kd7 42.Qg4+ Kc7 43.Ka4 Qxb2  0-1

[Event "European Rapid Championship"]
[Site "Warsaw POL"]
[Date "2010.12.18"]
[Round "4"]
[White "Drozdowski,K"]
[Black "Jaracz,P"]
[Result "0-1"]
[WhiteElo "2303"]
[BlackElo "2543"]

1.e4 c5 2.Nf3 e6 3.d4 cxd4 4.Nxd4 Nc6 5.Nc3 Qc7 6.Be2 Nf6 7.O-O Be7 8.Be3 O-O
9.f4 d6 10.Nb3 a6 11.a4 b6 12.Bf3 Bb7 13.g4 Rfe8 14.g5 Nd7 15.Qe2 Bf8 16.Qf2 g6
17.h4 Bg7 18.Rad1 Rad8 19.h5 Ne7 20.hxg6 hxg6 21.Rd2 Nc5 22.Nd4 d5 23.e5 Ne4
24.Bxe4 dxe4 25.Nb3 Rxd2 26.Nxd2 b5 27.axb5 axb5 28.Bb6 Qc6 29.Qc5 Nd5 30.Qxc6 Bxc6
31.Bd4 Nxc3 32.bxc3 Ra8 33.Re1 Ra2 34.Nxe4 Bxe4 35.Rxe4 Rxc2 36.Kf1 Bf8 37.Re2 Rc1+
38.Kf2 b4 39.cxb4 Rc4 40.Be3 Bxb4 41.Kf3 Kf8 42.Rb2 Ke8 43.Ra2 Kd7 44.Ra4 Kc6
45.Ra7 Rc3 46.Rxf7 Bc5 47.Rf6 Kd5 48.Rxg6 Bxe3 49.Rf6 Bc1+ 50.Kg4 Rc2 51.g6 Ke4
52.Kg3 Be3 53.g7 Rc1 54.Rxe6 Rg1+ 55.Kh4 Rxg7 56.Kh5 Bxf4 57.Rg6 Rh7+ 58.Kg4 Bxe5
59.Rg8 Rh1 60.Rg5 Rh6 61.Rg8 Rh1 62.Rg5 Rh2 63.Rg6 Rh8 64.Rg5 Bf6 65.Rg6 Ke5
66.Kf3 Kf5 67.Rg4 Be5 68.Rc4 Rh3+ 69.Ke2 Ra3 70.Rc2 Ke4 71.Rc4+ Bd4 72.Rc2 Rh3
73.Rd2 Re3+ 74.Kd1 Ra3 75.Ke2 Ra1 76.Rd1 Ra3 77.Rd2 Rh3 78.Rc2 Rh1 79.Rd2 Be3
80.Rc2 Rh2+ 81.Kd1 Rh8 82.Ke2 Rh1 83.Rc4+ Bd4 84.Rc2 Rh3 85.Rd2 Bc3 86.Rc2 Rh2+
87.Kd1 Rh1+ 88.Ke2 Rh3 89.Kd1 Kd3 90.Rd2+ Kc4 91.Rc2 Rh1+ 92.Ke2 Kb3  0-1

[Event "European Rapid Championship"]
[Site "Warsaw POL"]
[Date "2010.12.18"]
[Round "5"]
[White "Rajlich,V"]
[Black "Inarkiev,E"]
[Result "0-1"]
[WhiteElo "2303"]
[BlackElo "2667"]

1.e4 c5 2.Nf3 e6 3.d4 cxd4 4.Nxd4 Nc6 5.Nc3 Qc7 6.Be2 a6 7.O-O Nf6 8.Be3 b5
9.a3 Bb7 10.f4 d6 11.f5 e5 12.Nb3 Nb8 13.Qd3 Nbd7 14.Rad1 h6 15.g4 Be7 16.h4 Rc8
17.Rf2 Nb6 18.g5 hxg5 19.hxg5 Nfd7 20.Bg4 Nc4 21.Bc1 Qd8 22.f6 gxf6 23.gxf6 Nxf6
24.Bxc8 Qxc8 25.Rdf1 Nxe4 26.Nxe4 Qg4+ 27.Rg2 Qxe4 28.Qxe4 Bxe4 29.Rh2 Rg8+
30.Kf2 Bxc2 31.Nd2 d5 32.Nxc4 bxc4 33.Bd2 Rg4 34.Bb4 Bh4+ 35.Ke3 Bg5+ 36.Kf2 d4
37.Ke1 Re4+ 38.Kf2 Bd3 39.Rfh1 Be3+ 40.Kg2 Rg4+ 41.Kf3 Rg8 42.Rh4 f5 43.Rh8 e4+  0-1

[Event "European Rapid Championship"]
[Site "Warsaw POL"]
[Date "2010.12.18"]
[Round "6"]
[White "Naiditsch,A"]
[Black "Kolosowski,M"]
[Result "1-0"]
[WhiteElo "2685"]
[BlackElo "2375"]

1.e4 c5 2.Nf3 e6 3.d4 cxd4 4.Nxd4 Nc6 5.Nc3 Qc7 6.Be3 a6 7.Qd2 Nf6 8.f3 Ne5
9.O-O-O b5 10.Kb1 Bb7 11.g4 h6 12.h4 b4 13.Na4 d5 14.Bh3 dxe4 15.Bf4 Nd5
16.Bxe5 Qxe5 17.fxe4 Nf6 18.Nf5 exf5 19.g5 hxg5 20.hxg5 Be7 21.Bxf5 Rxh1
22.Rxh1 Rd8 23.Rh8+ Bf8 24.Rxf8+ Kxf8 25.Qxd8+ Ne8 26.Nb6 Bc6 27.Nc4 Qc5
28.b3 g6 29.Bc8 Bb5 30.Nd2 Kg7 31.Nf3 Nd6 32.Qf6+ Kg8 33.Be6 fxe6 34.Qxg6+ Kf8
35.Qf6+ Ke8 36.Qxe6+ Kd8 37.g6 Bd7 38.Qf6+ Kc7 39.g7 Nb5 40.g8=Q Na3+ 41.Ka1 Nxc2+
42.Kb2  1-0

[Event "European Rapid Championship"]
[Site "Warsaw POL"]
[Date "2010.12.18"]
[Round "7"]
[White "Tomczak,J"]
[Black "Genutis,M"]
[Result "1-0"]
[WhiteElo "2539"]
[BlackElo "2316"]

1.e4 c5 2.Nf3 e6 3.d4 cxd4 4.Nxd4 Nc6 5.Nc3 Qc7 6.g3 a6 7.Bg2 d6 8.O-O Bd7
9.Re1 Be7 10.Kh1 Nf6 11.Bg5 h6 12.Nxc6 bxc6 13.Be3 e5 14.f4 Rb8 15.b3 O-O
16.Qe2 a5 17.Rad1 Rfe8 18.f5 Bc8 19.g4 Nh7 20.Qf2 Qd8 21.Rg1 Ba6 22.Na4 Nf6
23.Bf3 d5 24.exd5 cxd5 25.g5 hxg5 26.Rxg5 Nh7 27.Rg2 d4 28.Rdg1 Bf8 29.Bh6 Qf6
30.Bxg7 Bxg7 31.Nc5 e4 32.Nxe4 Rxe4 33.Bxe4 Re8 34.Rxg7+ Kf8 35.Rg8+ Ke7
36.Rxe8+ Kxe8 37.Rd1 d3 38.cxd3 Ng5 39.Qc5 Nxe4 40.dxe4 Bb7 41.Qb5+  1-0

[Event "48th ch-IND"]
[Site "New Delhi IND"]
[Date "2010.12.19"]
[Round "10"]
[White "Soumya,Sw"]
[Black "Vaibhav,S"]
[Result "0-1"]
[WhiteElo "2332"]
[BlackElo "2418"]

1.e4 c5 2.Nf3 e6 3.d4 cxd4 4.Nxd4 Nc6 5.Nc3 Qc7 6.Be3 a6 7.Qd2 Nf6 8.O-O-O Bb4
9.f3 O-O 10.g4 b5 11.g5 Ne8 12.h4 Ne5 13.Kb1 Bb7 14.Bf4 Rc8 15.Qh2 d6 16.Bh3 Bxc3
17.bxc3 Qxc3 18.Bxe5 dxe5 19.Rd3 Qb4+ 20.Nb3 Nd6 21.g6 Nc4 22.gxf7+ Kxf7
23.Rg1 Qe7 24.Qg3 Rg8 25.c3 a5 26.Qg4 a4 27.Rgd1 Rc7 28.Nd2 Nxd2+ 29.R3xd2 g6
30.Rd6 Bc8 31.f4 Rxc3 32.fxe5 h5 33.Qf4+ Kg7 34.Bf1 Rf8 35.Qd2 Rcf3 36.Bxb5 Qxh4
37.Qd4 a3 38.Ba6 Qf2 39.Qb4 Bxa6 40.Rxa6 Rc8 41.Rad6 Qc2+ 42.Ka1 Qc1+  0-1

[Event "48th ch-IND"]
[Site "New Delhi IND"]
[Date "2010.12.19"]
[Round "10"]
[White "Stany,G"]
[Black "Venkatesh,M"]
[Result "0-1"]
[WhiteElo "2329"]
[BlackElo "2434"]

1.e4 c5 2.Nf3 Nc6 3.d4 cxd4 4.Nxd4 e6 5.Nc3 Qc7 6.Be3 a6 7.Bd3 b5 8.a3 Bb7
9.O-O Nf6 10.Nxc6 Qxc6 11.Qf3 Bd6 12.Bd4 Qc7 13.Qh3 h5 14.f3 h4 15.Rae1 Bc5
16.Bxc5 Qxc5+ 17.Kh1 g5 18.f4 Nh5 19.fxg5 Qxg5 20.Kg1 Rg8 21.Rf2 Ke7 22.Qe3 f6
23.a4 b4 24.Na2 a5 25.c3 h3 26.Qxh3 Nf4 27.Qf3 e5 28.cxb4 Rh8 29.Kh1 Rag8
30.Re3 d5 31.exd5 Bxd5 32.Qxf4 Qxf4 33.Rxf4 Rxg2  0-1

[Event "European Rapid Championship"]
[Site "Warsaw POL"]
[Date "2010.12.19"]
[Round "9"]
[White "Anisimov,P2"]
[Black "Genutis,M"]
[Result "1/2-1/2"]
[WhiteElo "2532"]
[BlackElo "2316"]

1.e4 c5 2.Ne2 e6 3.Nbc3 Nc6 4.d4 cxd4 5.Nxd4 Qc7 6.Be2 a6 7.f4 b5 8.Nxc6 Qxc6
9.Bf3 Bb7 10.Qd3 Qc7 11.a3 Bc5 12.Be3 Ne7 13.Bxc5 Qxc5 14.O-O-O Rd8 15.e5 Bxf3
16.Qxf3 O-O 17.Rd6 a5 18.Rhd1 b4 19.Ne4 Qc7 20.a4 b3 21.Qxb3 Nd5 22.R1xd5 exd5
23.Qxd5 Rc8 24.Qd3 Qa7 25.Qd4 Qc7 26.Nc3 Kh8 27.Rxd7 Qc6 28.Rd5 h6 29.f5 Rb8
30.g4 Rb4 31.Qc5 Qxc5 32.Rxc5 Rxg4 33.b3 Rg5 34.Rxa5 Rxf5 35.Ne4 Rh5 36.Rc5 Rxh2
37.a5 g5 38.a6 Ra8 39.Rc6 g4 40.e6 fxe6 41.Rc7 Rh1+ 42.Kb2 Rf1 43.a7 Rf4
44.Ng3 Rf3 45.Ne2 Rf2 46.Ng3 Rf3 47.Ne2 Rf2 48.Ng3 Rf3 49.Rb7 Rxa7 50.Rxa7 Rxg3
51.b4 Rf3 52.b5 g3 53.Ra4 Rf5 54.b6 g2 55.Rg4 Rg5 56.b7 Rxg4 57.b8=Q+ Kh7
58.Qa7+ Kg6 59.Qg1 h5 60.c4 h4 61.c5 h3 62.c6 Rc4 63.Qe3 Rxc6 64.Qg3+ Kf6
65.Qf3+ Ke7 66.Qa3+ Rd6 67.Qg3 Rd5 68.Qg7+ Kd6 69.Qg3+ Kc6 70.Qc3+ Kd6 71.Qg3+ e5
72.Qg6+ Kc5 73.Qg3 Kd6 74.Kc3 Rd4  1/2-1/2

[Event "European Rapid Championship"]
[Site "Warsaw POL"]
[Date "2010.12.19"]
[Round "9"]
[White "Dragun,K"]
[Black "Tregubov,P"]
[Result "0-1"]
[WhiteElo "2407"]
[BlackElo "2598"]

1.e4 c5 2.Nf3 e6 3.d4 cxd4 4.Nxd4 Nc6 5.Nc3 a6 6.Be3 Nf6 7.Be2 Qc7 8.O-O Bb4
9.Na4 O-O 10.Nxc6 bxc6 11.f4 d5 12.e5 Ne4 13.Bd3 Rb8 14.Bxe4 dxe4 15.Qd4 c5
16.Qc4 Bd7 17.Nc3 Qb7 18.Rfd1 Rfc8 19.a4 Bc6 20.Rd6 Bxc3 21.bxc3 Bd5 22.Qxa6 Qb2
23.Re1 Qxc3 24.Qe2 Rb2 25.Qd2 Qxd2 26.Bxd2 Rxc2 27.Be3 Ra2 28.Bxc5 e3 29.Bxe3 Rxg2+
30.Kf1 Rxh2 31.a5 h5 32.a6 Rcc2 33.Rxd5 exd5 34.Ra1 Ra2  0-1